Experimentálne zisťovanie trhlín v návarových kovoch valcov valcujúcich za tepla. /

Guardado en:
Detalles Bibliográficos
Autor principal: Nemčok, Ondrej (Autor)
Formato: Manuscrito Libro
Publicado: Bratislava : SVŠT v Bratislave SjF, 1978
Etiquetas: Agregar Etiqueta
Sin Etiquetas, Sea el primero en etiquetar este registro!

MARC

LEADER 00000ntm a22000003a 4500
001 stu47652
005 20150617225711.1
008 ------s1978----cs----------------------d
040 |a STU  |b slo 
041 0
044 |a cs 
080 |a 621.771.07  |7 stu_us_auth*stu2731 
080 |a 620.191.33 
100 1 |a Nemčok, Ondrej  |4 aut 
245 1 |a Experimentálne zisťovanie trhlín v návarových kovoch valcov valcujúcich za tepla. /  |c [aut.] Nemčok,Ondrej 
260 |a Bratislava :  |b SVŠT v Bratislave SjF,  |c 1978 
300 |a 108 s 
996 |b J60187  |c J*60187/DIZ.  |l JJSK  |s A  |a 24  |w stu47652_0001